| 000 | 00785nam a22001337a 4500 | ||
|---|---|---|---|
| 040 | _cRUA | ||
| 082 | _aFOR SEN 2011 B140 Or.1 | ||
| 100 | _aSENG, MALA. | ||
| 245 | _aStudy on sek sork natural resort management and development in plovmeas commune rattanakmomdul district battambang province, សិក្សាពីការគ្រប់គ្រង និងការអភិវឌ្ឍន៍តំបន់រមណីដ្ឋានធម្មជាតិសេកសកនៅឃុំផ្លូវមាស ស្រុករតនមណ្ឌលខេត្តបាត់ដំបង | ||
| 260 |
_aPhnom Penh _bRUA _c2011 |
||
| 300 |
_aix; 48p. _bill. _c29cm. |
||
| 856 | _uhttps://drive.google.com/file/d/1mDuwFXpFtiRrDjawF43MKNGYPDeb711m/view?usp=sharing | ||
| 942 | _cFOR | ||
| 999 |
_c3423 _d3423 |
||